| 000 | 00891nam a2200181Ia 4500 | ||
|---|---|---|---|
| 008 | 090124s9999 xx 000 0 und d | ||
| 082 |
_b3840 _a767 |
||
| 100 | _aकेतकर ग. वि. (गजानन विश्र्वनाथ) | ||
| 245 | _a मिरज संस्थांन सारावाट व रयतांचा सत्याग्रह | ||
| 250 | _a1 | ||
| 260 | _c1929 | ||
| 300 | _a236 | ||
| 600 | _aकेतकर ग. वि. (गजानन विश्र्वनाथ) | ||
| 630 | _a मिरज संस्थांन सारावाट व रयतांचा सत्याग्रह | ||
| 700 | _aकेतकर ग. वि. (गजानन विश्र्वनाथ) | ||
| 730 | _a मिरज संस्थांन सारावाट व रयतांचा सत्याग्रह | ||
| 942 | _cBOOK | ||
| 999 |
_c117781 _d117781 |
||